Kerly's law of trade marks and trade names / (Record no. 4074)

000 -LEADER
fixed length control field 01501cam a2200409 i 4500
001 - CONTROL NUMBER
control field 20352179
003 - CONTROL NUMBER IDENTIFIER
control field OSt
005 - DATE AND TIME OF LATEST TRANSACTION
control field 20190305093620.0
008 - FIXED-LENGTH DATA ELEMENTS--GENERAL INFORMATION
fixed length control field 171129s2018 enk b 001 0 eng
010 ## - LIBRARY OF CONGRESS CONTROL NUMBER
LC control number 2017492243
020 ## - INTERNATIONAL STANDARD BOOK NUMBER
International Standard Book Number 9780414052017
020 ## - INTERNATIONAL STANDARD BOOK NUMBER
International Standard Book Number 0414052013
040 ## - CATALOGING SOURCE
Original cataloging agency DLC
Language of cataloging eng
Description conventions rda
Transcribing agency DLC
042 ## - AUTHENTICATION CODE
Authentication code pcc
043 ## - GEOGRAPHIC AREA CODE
Geographic area code e-uk---
050 00 - LIBRARY OF CONGRESS CALL NUMBER
Classification number KD1439.K47 2018
100 1# - MAIN ENTRY--PERSONAL NAME
Personal name Mellor, James
Fuller form of name (Edward James Wilson),
Relator term author.
245 10 - TITLE STATEMENT
Title Kerly's law of trade marks and trade names /
Statement of responsibility, etc by James Mellor, David Llewelyn, Thomas Moody-Stuart, David Keeling, Iona Berkeley, Ashton Chantrielle, William Duncan.
250 ## - EDITION STATEMENT
Edition statement Sixteenth edition.
260 ## - PUBLICATION, DISTRIBUTION, ETC. (IMPRINT)
Place of publication, distribution, etc London
Name of publisher, distributor, etc Sweet & Maxwell
Date of publication, distribution, etc 2018
300 ## - PHYSICAL DESCRIPTION
Extent cv, 1678 pages ;
Dimensions 24 cm.
490 0# - SERIES STATEMENT
Series statement Intellectual property library
504 ## - BIBLIOGRAPHY, ETC. NOTE
Bibliography, etc Includes bibliographical references and index.
650 #0 - SUBJECT ADDED ENTRY--TOPICAL TERM
Topical term or geographic name as entry element Trademarks
General subdivision Law and legislation
Geographic subdivision Great Britain.
650 #0 - SUBJECT ADDED ENTRY--TOPICAL TERM
Topical term or geographic name as entry element Business names
Geographic subdivision Great Britain.
650 #0 - SUBJECT ADDED ENTRY--TOPICAL TERM
Topical term or geographic name as entry element Marks of origin
Geographic subdivision Great Britain.
700 1# - ADDED ENTRY--PERSONAL NAME
Personal name Llewelyn, David,
Relator term author.
700 1# - ADDED ENTRY--PERSONAL NAME
Personal name Moody-Stuart, Thomas,
Relator term author.
700 1# - ADDED ENTRY--PERSONAL NAME
Personal name Keeling, David T.,
Relator term author.
700 1# - ADDED ENTRY--PERSONAL NAME
Personal name Berkeley, Iona,
Relator term author.
700 1# - ADDED ENTRY--PERSONAL NAME
Personal name Chantrielle, Ashton,
Relator term author.
700 1# - ADDED ENTRY--PERSONAL NAME
Personal name Duncan, William
Fuller form of name (William John),
Relator term author.
700 1# - ADDED ENTRY--PERSONAL NAME
Personal name Kerly, Duncan Mackenzie,
Dates associated with a name 1863-1938.
906 ## - LOCAL DATA ELEMENT F, LDF (RLIN)
a 7
b cbc
c origres
d 2
e ncip
f 20
g y-gencatlg
942 ## - ADDED ENTRY ELEMENTS (KOHA)
Source of classification or shelving scheme
Koha item type Book
Holdings
Withdrawn status Lost status Source of classification or shelving scheme Damaged status Not for loan Home library Current library Shelving location Date acquired Total Checkouts Full call number Barcode Date last seen Copy number Price effective from Koha item type
          Riara University Library Riara University Library General stack 05/03/2019   KD1439.K47 2018 10168/19 05/03/2019 C.1 05/03/2019 Book

Riara University Library,
P.O. Box 49940-00100,
Nairobi, Kenya.